5HLuxD.jpg

KING HENRY VIII SENIOR AND PRIMARY SCHOOL LIBRARY OPAC

One Mole Digging a Hole (Record no. 5998)

000 -LEADER
fixed length control field 00601nam a22001937a 4500
005 - DATE AND TIME OF LATEST TRANSACTION
control field 20260120115731.0
008 - FIXED-LENGTH DATA ELEMENTS--GENERAL INFORMATION
fixed length control field 260120b ||||| |||| 00| 0 eng d
040 ## - CATALOGING SOURCE
Transcribing agency KH8
082 ## - DEWEY DECIMAL CLASSIFICATION NUMBER
Classification number 813.6 DON
100 ## - MAIN ENTRY--PERSONAL NAME
Personal name DONALDSON,JULIA
Relator term AUTHOR
245 ## - TITLE STATEMENT
Title One Mole Digging a Hole
260 ## - PUBLICATION, DISTRIBUTION, ETC.
Place of publication, distribution, etc. 20 New Wharf Road,London N1 9RR
Name of publisher, distributor, etc. Macmillan Children's Books
Date of publication, distribution, etc. 2010
300 ## - PHYSICAL DESCRIPTION
Extent pages
Other physical details Colour illustration
Dimensions 25cm x 25cm
520 ## - SUMMARY, ETC.
Summary, etc. Count along as the animals lend a hand in the garden.
650 ## - SUBJECT ADDED ENTRY--TOPICAL TERM
Topical term or geographic name entry element Juvenile Literature
655 ## - INDEX TERM--GENRE/FORM
Genre/form data or focus term Literature
700 ## - ADDED ENTRY--PERSONAL NAME
Personal name Sharratt,Nick
Relator term illustrator
942 ## - ADDED ENTRY ELEMENTS (KOHA)
Source of classification or shelving scheme
Koha item type Books - Fiction
Holdings
Withdrawn status Lost status Source of classification or shelving scheme Damaged status Not for loan Collection code Permanent Location Current Location Shelving location Date acquired Full call number Barcode Date last seen Price effective from Koha item type Public note
          Non-Fiction KH8 Primary School Library KH8 Primary School Library Non Fiction 2026-01-20 813.6 DON KHPL000008217 2026-01-20 2026-01-20 Books - Fiction PRIMARY LIBRARY

Powered By KH8 IT Dept